Evaluación Inicial de Riesgos Laborales para los Puestos de Trabajo del área de la Sub - División de Servicios Administrativos del Recinto Universitario Simón Bolívar, UNI
La Universidad Nacional de Ingeniería con el fin de identificar y tomar medidas de control para prevenir futuros sucesos que puedan desencadenar en posibles accidentes y enfermedades laborales por los riesgos intrínsecos que tiene cada actividad laboral, se efectúan inspecciones de las condicione...
| Main Author: | |
|---|---|
| Other Authors: | |
| Format: | Tesis Section = Libro |
| Language: | Undetermined Spanish |
| Published: |
Managua
UNI
2019
|
| Subjects: |
| LEADER | 01499nam a2200277Ia 4500 | ||
|---|---|---|---|
| 008 | 240830s9999 xx 000 0 und d | ||
| 040 | |a BIBLIOTECA-RUPAP Mon 658.38 G984 | ||
| 041 | |a spa | ||
| 082 | |a Mon 658.38 G984 | ||
| 100 | 1 | |a Gutiérrez Guerrero, Danilo José | |
| 245 | 1 | 0 | |a Evaluación Inicial de Riesgos Laborales para los Puestos de Trabajo del área de la Sub - División de Servicios Administrativos del Recinto Universitario Simón Bolívar, UNI |
| 260 | |a Managua |b UNI |c 2019 | ||
| 300 | |a 328 p. :il. | ||
| 500 | |a Contiene: anexos y CD. | ||
| 502 | |a Tesis (Ingeniero Industrial)- UNI, 2019. | ||
| 520 | 3 | |a La Universidad Nacional de Ingeniería con el fin de identificar y tomar medidas de control para prevenir futuros sucesos que puedan desencadenar en posibles accidentes y enfermedades laborales por los riesgos intrínsecos que tiene cada actividad laboral, se efectúan inspecciones de las condiciones de seguridad, con la finalidad de reconocer, evaluar los riesgos y controlar las condiciones de seguridad existentes en el puesto de trabajo y de esta forma disminuir los riesgos profesionales. | |
| 650 | 7 | |a SEGURIDAD INDUSTRIAL | |
| 650 | 7 | |b ACCIDENTES DE TRABAJO-PREVENCION | |
| 650 | 7 | |c SALUD OCUPACIONAL | |
| 650 | 7 | |d SEGURIDAD OCUPACIONAL | |
| 650 | 7 | |e ENFERMEDADES PROFESIONALES | |
| 650 | 7 | |f RECINTO UNIVERSITARIO SIMON BOLIVAR-MEDIDAS DE SEGURIDAD | |
| 700 | 1 | |a Tutor: |b Calero López, Dora María | |
| 942 | |c BK |2 ddc | ||
| 991 | |a TESIS | ||
| 999 | |c 17120 | ||